01462nab a22002057a 4500003000400000005001700004008004100021040000700062100002300069245016500092260007300257300001500330500004500345505057700390505008900967650002301056650001401079650002101093773014201114OSt20251210160143.0190604e xxu||||| |||| 00| 0 spa d cPJ aDíaz, Ana Inés13aProcedimiento de Mediación Prejudicial en Materia de Salud (PROMESA) :bdescripción normativa de un abordaje basado en el diálogo /cAna Inés Díaz. aCiudad Autónoma de Buenos Aires :bThomson Reuters La Ley, c2025. ap. 104-109 aCita Online: TR LALEY AR/DOC/2416/2025.  aSumario: I. Encuadre normativo.— II. Contexto y fundamentación de la creación del PROMESA.— III. Principios y objetivos fundamentales del PROMESA.— IV. Ámbito de aplicación y restricciones.— V. Procedimiento de iniciación y desarrollo de la mediación.— VI. Participación del Estado nacional (Ministerio de Salud).— VII. Derivación judicial al PROMESA.— VIII. Remuneración de los mediadores.— IX. Formación y habilitación de mediadores en materia de salud.— X. Monitoreo y fiscalización del PROMESA.— XI. Consideraciones finales. t¿Te interesa el texto completo? Solicitalo al correo: koha@justierradelfuego.gov.ar 0aDERECHO A LA SALUD 0aMEDIACION 0aMEDICINA PREPAGA0 02714dCiudad Autónoma de Buenos Aires : Thomson Reuters La Ley, 2014-tRevista anales de legislación argentina. Nº 10- Octubre 2025.